Statistics for Largest Companies in Silicon Valley

Click here to take the quiz!

General Stats

  • This quiz has been taken 251 times
    (183 since last reset)
  • The average score is 7 of 34

Answer Stats

Company% Correct
Apple Inc.
93%
Alphabet
88%
Facebook
85%
Intel
54%
Oracle Corporation
54%
Tesla Motors
53%
HP
50%
Yahoo!
36%
Netflix
34%
Cisco Systems
33%
eBay
30%
Nvidia
29%
Advanced Micro Devices
20%
Salesforce.com
17%
Electronic Arts
11%
Adobe Systems
9%
Hewlett-Packard Enterprise
7%
NetApp
7%
Lockheed Martin
3%
Applied Materials
2%
Intuit
2%
Brocade Communications Systems
1%
LSI Logic
1%
SanDisk
1%
Agilent Technologies
0%
Juniper Networks
0%
KLA Tencor
0%
Marvell Semiconductors
0%
Maxim Integrated Products
0%
National Semiconductor
0%
Sanmina-SCI
0%
Symantec
0%
Western Digital Corporation
0%
Xilinx
0%

Score Distribution

Percentile by Number Answered

Percent of People with Each Score

Your Score History

You have not taken this quiz since the last reset